Countries Closest to the Equator - Statistics

General Stats
  • This quiz has been taken 1,412 times
    1,361 since last reset
  • The average score is 14 of 20
Answer Stats
km country % Correct
0 Brazil
96%
0 Dem Rep Congo
91%
0 Ecuador
90%
0 Indonesia
89%
0 Colombia
88%
0 Congo
87%
2 Peru
86%
0 Kenya
80%
136 Venezuela
78%
102 Equatorial Guinea
77%
173 Malaysia
76%
0 Gabon
74%
0 Uganda
69%
116 Rwanda
64%
0 Somalia
64%
127 Singapore
57%
0 São Tomé and Príncipe
50%
21 Maldives
49%
13 Kiribati
44%
55 Nauru
31%
No matching quizzes found
Score Distribution
Percent of People with Each Score
Percentile by Number Answered
Your Score History
You have not taken this quiz since the last reset